Podnikové hospodárstvo komplexný pohľad na podnik

Saved in:
Bibliographic Details
Main Author: Kupkovič, Milan
Other Authors: Fejfarová, Stanislava, Majtán, Štefan, Neumannová, Anna, Satková, Blanka, Majdúchová, Helena, 1963-, Rajňák, Milan, Mišík, Vladimír, Strinková, Viera
Format: Book
Language:Slovak
Published: Bratislava Sprint 1999
Edition:4. rozšír. vyd.
Subjects:
Tags: Add Tag
No Tags, Be the first to tag this record!

MARC

LEADER 00000nam a2200000 4500
001 c105844
005 20240502071315.1
020 |a 80-88848-39-3 
041 0 |a slo 
044 |a SK 
245 1 0 |a Podnikové hospodárstvo  |b komplexný pohľad na podnik  |c Milan Kupkovič a kolektív 
250 |a 4. rozšír. vyd. 
264 1 |a Bratislava  |b Sprint  |c 1999 
300 |a 347 s. 
610 2 0 |a hospodárstvo podnikové 
610 2 0 |a podnik 
610 2 0 |a výroba 
610 2 0 |a zásobovanie 
610 2 0 |a predaj 
610 2 0 |a náklady a ceny 
610 2 0 |a ceny 
610 2 0 |a oceňovanie 
610 2 0 |a hospodárstvo podniku finančné 
100 1 |a Kupkovič, Milan 
700 1 |a Fejfarová, Stanislava 
700 1 |a Majtán, Štefan 
700 1 |a Neumannová, Anna 
700 1 |a Satková, Blanka 
700 1 |a Majdúchová, Helena, 1963- 
700 1 |a Rajňák, Milan 
700 1 |a Mišík, Vladimír 
700 1 |a Strinková, Viera